Introducing Windows Server 2008 / (Record no. 10192)

MARC details
000 -LEADER
fixed length control field 00851 a2200229 4500
008 - FIXED-LENGTH DATA ELEMENTS--GENERAL INFORMATION
fixed length control field 120827t xxu||||| |||| 00| 0 eng d
010 ## - LCCN (DPL NO)
LC control number ENG-89185
020 ## - INTERNATIONAL STANDARD BOOK NUMBER
International Standard Book Number 9788120334014
Terms of availability 395.00
035 ## - SYSTEM CONTROL NUMBER
System control number EN-72718
037 ## - SOURCE OF ACQUISITION
Source of stock number/acquisition DBAD / PUB
082 14 - DEWEY DECIMAL CLASSIFICATION NUMBER
Classification number 005.44
100 1# - MAIN ENTRY--PERSONAL NAME
Personal name Tulloch, Mitch
9 (RLIN) 51584
245 10 - TITLE STATEMENT
Title Introducing Windows Server 2008 /
Statement of responsibility, etc Mitch Tulloch with the Microsoft Windows Server Team
260 ## - PUBLICATION, DISTRIBUTION, ETC. (IMPRINT)
Place of publication, distribution, etc New Delhi
Name of publisher, distributor, etc Prentice- Hall of India
Date of publication, distribution, etc 2008
270 ## - ADDRESS
Address M-97, Connaught Circus
City New Delhi
Postal code 110 001
300 ## - PHYSICAL DESCRIPTION
Extent xiv, 477 p. :
Other physical details ill. ;
Dimensions 23 cm (pbk)
500 ## - GENERAL NOTE
General note Includes bibliographical references and index.
650 #0 - SUBJECT ADDED ENTRY--TOPICAL TERM
Topical term or geographic name as entry element Operating systems (Computers)
9 (RLIN) 51585
650 #0 - SUBJECT ADDED ENTRY--TOPICAL TERM
Topical term or geographic name as entry element Microsoft .NET.
9 (RLIN) 51586
942 ## - ADDED ENTRY ELEMENTS (KOHA)
Institution code [OBSOLETE] dpl
Item type English Books
Call number prefix 005.44 / TUL
Source of classification or shelving scheme Dewey Decimal Classification
Holdings
Withdrawn status Lost status Source of classification or shelving scheme Damaged status Not for loan Home library Current library Date acquired Total Checkouts Barcode Date last seen Cost, replacement price
    Dewey Decimal Classification     Andrews Gunj D.B.Act.Division     EN-72718 15/09/2008 7.00

© Delhi Public Library
Hit Counter
free hit counter